<?xml version="1.0" encoding="UTF-8"?>
<record
    xmlns:xsi="http://www.w3.org/2001/XMLSchema-instance"
    xsi:schemaLocation="http://www.loc.gov/MARC21/slim http://www.loc.gov/standards/marcxml/schema/MARC21slim.xsd"
    xmlns="http://www.loc.gov/MARC21/slim">

  <leader>01010    a2200241   4500</leader>
  <controlfield tag="005">20081010123043.0</controlfield>
  <controlfield tag="008">081010t        xxu||||| |||| 00| 0 ur d</controlfield>
  <datafield tag="010" ind1=" " ind2=" ">
    <subfield code="a">UR-7337</subfield>
  </datafield>
  <datafield tag="020" ind1=" " ind2=" ">
    <subfield code="a">8182232899</subfield>
    <subfield code="c">60.00</subfield>
  </datafield>
  <datafield tag="035" ind1=" " ind2=" ">
    <subfield code="a">U-5892</subfield>
  </datafield>
  <datafield tag="037" ind1=" " ind2=" ">
    <subfield code="b">D.B.Act / Pub</subfield>
  </datafield>
  <datafield tag="082" ind1=" " ind2=" ">
    <subfield code="a">&#x6A9;</subfield>
  </datafield>
  <datafield tag="100" ind1=" " ind2=" ">
    <subfield code="a">&#x6AF;&#x646;&#x62F; &#x648; &#x62A;&#x631; &#x6C1; &#x631;&#x627;&#x62C;&#x67E;&#x627; &#x644;</subfield>
  </datafield>
  <datafield tag="245" ind1=" " ind2=" ">
    <subfield code="a">&#x628;&#x633; &#x627;&#x64A;&#x6A9; &#x679;&#x64A;&#x644;&#x6CC; &#x641;&#x648;&#x646;</subfield>
    <subfield code="b">(&#x627;&#x641;&#x633;&#x627; &#x646;&#x648;&#x6CC; &#x645;&#x62C;&#x645;&#x648; &#x639;&#x6C1;)</subfield>
    <subfield code="c">&#x631;&#x627; &#x62C;&#x67E;&#x627; &#x644; &#x6AF;&#x646;&#x62F; &#x648; &#x62A;&#x631; &#x6C1;</subfield>
  </datafield>
  <datafield tag="246" ind1=" " ind2=" ">
    <subfield code="a">Bas Ek Telephone(Short Stories)</subfield>
    <subfield code="b">Rajpal Gandotra</subfield>
  </datafield>
  <datafield tag="260" ind1=" " ind2=" ">
    <subfield code="a">&#x62F;&#x6BE;&#x644;&#x6CC;</subfield>
    <subfield code="b">&#x627;&#x64A;&#x62C;&#x648; &#x6A9;&#x64A;&#x634;&#x646;&#x644;  &#x67E;&#x628;&#x644;&#x64A;&#x634;&#x646;&#x6AF; &#x6C1;&#x627; &#x624;&#x633;</subfield>
    <subfield code="c">2007</subfield>
  </datafield>
  <datafield tag="270" ind1=" " ind2=" ">
    <subfield code="a">3108&#x60C;&#x648;&#x6A9;&#x64A;&#x644; &#x627;&#x633;&#x679;&#x631; &#x64A;&#x679; &#x6A9;&#x648; &#x686;&#x6C1; &#x67E;&#x646;&#x688; &#x62A; &#x644;&#x627;&#x644; &#x6A9;&#x646;&#x648; &#x627;&#x6BA;</subfield>
    <subfield code="b">&#x62F;&#x6BE;&#x644;&#x6CC;</subfield>
    <subfield code="e">110006</subfield>
    <subfield code="k">23216162</subfield>
    <subfield code="l">009101123211542</subfield>
    <subfield code="m">info@phbooks.com,ephdelhi@yahoo.com</subfield>
  </datafield>
  <datafield tag="300" ind1=" " ind2=" ">
    <subfield code="a">75p</subfield>
    <subfield code="c">22cm (Pbk)</subfield>
  </datafield>
  <datafield tag="650" ind1=" " ind2=" ">
    <subfield code="a">Story</subfield>
  </datafield>
  <datafield tag="650" ind1=" " ind2=" ">
    <subfield code="a">&#x6A9;</subfield>
  </datafield>
  <datafield tag="942" ind1=" " ind2=" ">
    <subfield code="a">dpl</subfield>
    <subfield code="c">UR</subfield>
    <subfield code="k"> </subfield>
    <subfield code="2">ddc</subfield>
    <subfield code="h">&#x6A9;</subfield>
    <subfield code="m">&#x6AF; &#x646;  &#x62F;</subfield>
  </datafield>
  <datafield tag="999" ind1=" " ind2=" ">
    <subfield code="c">5267</subfield>
    <subfield code="d">5267</subfield>
  </datafield>
  <datafield tag="952" ind1=" " ind2=" ">
    <subfield code="0">0</subfield>
    <subfield code="1">0</subfield>
    <subfield code="2">ddc</subfield>
    <subfield code="4">0</subfield>
    <subfield code="7">1</subfield>
    <subfield code="8">NFIC</subfield>
    <subfield code="a">DBAD</subfield>
    <subfield code="b">DBAD</subfield>
    <subfield code="d">2008-10-10</subfield>
    <subfield code="g">60.00</subfield>
    <subfield code="l">0</subfield>
    <subfield code="o">&#x6A9; &#x6AF; &#x646;  &#x62F;</subfield>
    <subfield code="p">U-5892</subfield>
    <subfield code="r">2008-09-15 00:00:00</subfield>
    <subfield code="t">1</subfield>
    <subfield code="u">5604</subfield>
    <subfield code="v">60.00</subfield>
    <subfield code="w">2008-09-15</subfield>
    <subfield code="y">UR</subfield>
  </datafield>
</record>
